000 00306nam a2200121Ia 4500
008 190216s9999||||xx |||||||||||||| ||und||
100 _a"Acharya,Dr.Harivamsha Tarun"
245 0 _aHindi-Manak Hindi Bilom Rashtrakosh
260 _bLok Siksha Manch
_c2011
300 _a232
650 _aHindi
942 _cBK
999 _c16756
_d16756